[Event "AUTO-INT-285"]
[Site "http://www.queenalice.com/game.php?id=143633"]
[Date "2006.12.19"]
[Round "1"]
[White "Morbid"]
[Black "bloodrayne"]
[Result "0-1"]
[WhiteElo "1553"]
[BlackElo "1790"]

1. e4 e5 2. Nf3 d6 3. d3 h6 4. c4 c6 5. b4 Bg4 6. a4 Bxf3 7. Qxf3 Qf6 8. Qxf6
Nxf6 9. f3 Be7 10. h4 Nbd7 11. b5 cxb5 12. axb5 O-O 13. Nc3 Nc5 14. Be3 b6 15.
Bxc5 dxc5 16. g4 Nh7 17. Nd5 Bd6 18. g5 hxg5 19. hxg5 Nxg5 20. Be2 f5 21. O-O-O
fxe4 22. fxe4 Rf2 23. Rd2 Raf8 24. Kc2 Ne6 25. Kc3 Nd4 26. Bg4 Rxd2 27. Kxd2 g6
28. Be6+ Nxe6 0-1

[Event "AUTO-INT-285"]
[Site "http://www.queenalice.com/game.php?id=143634"]
[Date "2006.12.19"]
[Round "1"]
[White "bloodrayne"]
[Black "Morbid"]
[Result "1-0"]
[WhiteElo "1745"]
[BlackElo "1542"]

1. e4 e5 2. Bc4 Nf6 3. d3 d6 4. h3 c6 5. a4 a6 6. Qf3 b5 7. axb5 cxb5 8. Ba2
Qa5+ 9. c3 b4 10. Bxf7+ Kxf7 11. Rxa5 Nc6 12. Ra1 bxc3 13. bxc3 a5 14. g4 g5 15.
Bxg5 Be7 16. Ne2 h6 17. Bh4 a4 18. Ng3 Rg8 19. Nh5 Rg6 20. Na3 Ke8 21. Bxf6 Bxf6
22. Nxf6+ Rxf6 23. Qxf6 1-0

[Event "AUTO-OPEN-499"]
[Site "http://www.queenalice.com/game.php?id=147783"]
[Date "2006.12.29"]
[Round "1"]
[White "Morbid"]
[Black "fera77"]
[Result "0-1"]
[WhiteElo "1557"]
[BlackElo "1834"]

1. e4 e5 2. Nf3 Nf6 3. Bc4 Bc5 4. Nxe5 O-O 5. Bxf7+ Rxf7 6. Nxf7 Kxf7 7. f3 Nc6
8. c3 d5 9. d4 Be7 10. e5 Nh5 11. g4 Bh4+ 12. Kf1 Bxg4 13. fxg4 Qf8 14. gxh5
Kg8+ 15. Ke2 Qf2+ 16. Kd3 Qf5+ 17. Kd2 Bg5+ 18. Ke1 Qe4+ 19. Qe2 Qxh1+ 20. Qf1
Qxf1+ 21. Kxf1 Bxc1 22. Kg2 Bxb2 0-1

[Event "AUTO-OPEN-499"]
[Site "http://www.queenalice.com/game.php?id=147794"]
[Date "2006.12.29"]
[Round "1"]
[White "Morbid"]
[Black "kaikovisk"]
[Result "0-1"]
[WhiteElo "1557"]
[BlackElo "1971"]

1. e4 e5 2. Nf3 Nc6 3. Bb5 d6 4. Bxc6+ bxc6 5. O-O Bg4 6. c4 Qf6 7. h3 Bxf3 8.
Qxf3 Qxf3 9. gxf3 Nf6 10. d3 Be7 11. b4 O-O 12. h4 Nh5 13. Bg5 Bxg5 14. hxg5 Nf4
15. Nc3 Nxd3 16. Rab1 Nf4 17. Kh2 Ne6 18. Rg1 Nd4 19. Rg3 f5 20. a4 fxe4 21.
Nxe4 Nxf3+ 22. Kg2 Nh4+ 23. Kf1 Nf5 24. Rf3 Nd4 25. Rxf8+ Rxf8 26. b5 c5 27. a5
Rf4 28. Ng3 Nf3 29. Kg2 Nxg5 30. b6 cxb6 31. axb6 axb6 32. Rxb6 Rxc4 33. Rxd6
Rd4 34. Rxd4 exd4 35. f4 d3 36. Kf2 Nh3+ 37. Ke3 Nxf4 38. Kxf4 d2 0-1

[Event "AUTO-INT-309"]
[Site "http://www.queenalice.com/game.php?id=153372"]
[Date "2007.1.12"]
[Round "1"]
[White "Morbid"]
[Black "javierqz"]
[Result "0-1"]
[WhiteElo "1557"]
[BlackElo "1426"]

1. e4 d5 2. f3 e5 3. c4 d4 4. d3 f5 5. h4 Nf6 6. exf5 Bxf5 7. g4 Be6 8. g5 Bb4+
9. Bd2 Bxd2+ 10. Qxd2 Nh5 11. Be2 Nf4 12. Qa5 O-O 13. Qxe5 Nc6 14. Qxe6+ Nxe6
0-1

[Event "AUTO-INT-309"]
[Site "http://www.queenalice.com/game.php?id=153373"]
[Date "2007.1.12"]
[Round "1"]
[White "javierqz"]
[Black "Morbid"]
[Result "1-0"]
[WhiteElo "1494"]
[BlackElo "1557"]

1. e4 e5 2. Nc3 b6 3. f4 d6 4. Nf3 exf4 5. Bc4 g5 6. O-O Nf6 7. e5 d5 8. exf6
dxc4 9. Qe2+ Be6 10. Qe4 Nd7 11. Nxg5 Qxf6 12. Qxa8+ Ke7 13. Nxe6 Qxe6 14. Qe4
Qxe4 15. Nxe4 Bh6 16. d3 cxd3 17. cxd3 f5 18. Nc3 Nc5 19. Nd5+ Ke6 20. Nxf4+ 1-0

[Event "AUTO-INT-309"]
[Site "http://www.queenalice.com/game.php?id=153374"]
[Date "2007.1.12"]
[Round "1"]
[White "Morbid"]
[Black "acbrasileiro"]
[Result "0-1"]
[WhiteElo "1557"]
[BlackElo "1652"]

1. e4 c5 2. e5 a6 3. Qf3 Nc6 4. Bc4 Nxe5 5. Qd5 Nxc4 6. Qxc4 e6 7. Ne2 b5 8. Qe4
d5 9. Qf3 Bb7 10. O-O Qc7 11. Ng3 Nf6 12. d3 Bd6 13. Nh5 Nxh5 14. Qxh5 O-O 15.
g3 f5 16. Bf4 Bxf4 17. gxf4 Qxf4 18. c3 d4 19. f3 Rf6 20. Qh3 Rh6 21. Qg3 Rg6
0-1

[Event "AUTO-INT-309"]
[Site "http://www.queenalice.com/game.php?id=153375"]
[Date "2007.1.12"]
[Round "1"]
[White "acbrasileiro"]
[Black "Morbid"]
[Result "1-0"]
[WhiteElo "1722"]
[BlackElo "1557"]

1. Nf3 f6 2. d4 d5 3. Bf4 g5 4. Bg3 e6 5. e3 g4 6. Nfd2 c6 7. Qxg4 Nh6 8. Qh5+
Nf7 9. Bd3 f5 10. Nf3 Qa5+ 11. Nbd2 Bb4 12. Be5 Bxd2+ 13. Nxd2 Rf8 14. Bg7 Nd7
15. Bxf8 Nxf8 16. c3 b5 17. O-O b4 18. Nb3 Qb6 19. Rfc1 Ba6 20. Bxa6 Qxa6 21.
Nc5 Qb5 22. cxb4 Qxb4 23. Nb3 a5 24. Qe2 a4 25. Nc5 Qb5 26. Qxb5 cxb5 27. Nd3
Nd6 28. b3 a3 29. f3 h5 30. Rc6 Nf7 31. Rac1 Kd8 32. Nf4 Ke7 33. Nxh5 Nd7 34.
Nf4 Nd6 35. Ng6+ 1-0

[Event "AUTO-OPEN-264"]
[Site "http://www.queenalice.com/game.php?id=158381"]
[Date "2007.1.24"]
[Round "3"]
[White "Morbid"]
[Black "wakkow"]
[Result "0-1"]
[WhiteElo "1532"]
[BlackElo "1743"]

1. d4 d5 2. g3 Nf6 3. Bg5 e6 4. h4 h6 5. Bd2 Nc6 6. e3 a6 7. c3 Ne4 8. Bg2 Qf6
9. Bxe4 dxe4 10. Qc2 Qg6 11. h5 Qf5 12. Ne2 Qf3 13. Rh2 Bd7 14. Ng1 Qf5 15. g4
Qb5 16. a4 Qg5 17. Qxe4 f5 18. f4 Qxg4 19. Qg2 Qxg2 20. Rxg2 Na5 21. Ra3 Bxa3
22. bxa3 Rg8 23. Nf3 Bc6 24. Kf2 Nc4 25. Ne5 Bxg2 26. Kxg2 Nxe5 27. dxe5 c5 28.
c4 Rd8 29. Ba5 Rd1 30. Nc3 Rd3 31. Kf3 b6 32. Ke2 Rxc3 33. Bxc3 a5 34. Kf3 g5
35. Kg3 gxf4+ 36. Kxf4 Rg4+ 0-1

[Event "AUTO-OPEN-264"]
[Site "http://www.queenalice.com/game.php?id=158382"]
[Date "2007.1.24"]
[Round "3"]
[White "wakkow"]
[Black "Morbid"]
[Result "1-0"]
[WhiteElo "1735"]
[BlackElo "1546"]

1. e4 c5 2. Na3 a6 3. f4 Qc7 4. e5 e6 5. Nh3 Qc6 6. Nc4 d5 7. Na5 Qb6 8. b4 Qxb4
9. Nb3 c4 10. c3 Qe7 11. g3 cxb3 12. axb3 Nh6 13. b4 b5 14. d4 Ng4 15. Qxg4 h6
16. Bxb5+ Bd7 17. Bxd7+ Qxd7 18. O-O Qc7 19. Bd2 Qc4 20. f5 Qc6 21. Nf4 Qd7 22.
fxe6 fxe6 23. Nxe6 Qe7 24. Qh5+ Kd7 25. Rf7 Kxe6 26. Rxe7+ Bxe7 27. Qg4+ Kf7 28.
e6+ Ke8 29. Ra5 h5 30. Qg6+ Kd8 31. Rxd5+ Kc7 32. Qxg7 Re8 33. Bf4+ Kb6 34. Bd6
Nc6 35. Bc5+ Kb5 36. Bxe7+ 1-0

[Event "eu branca"]
[Site "http://www.queenalice.com/game.php?id=160204"]
[Date "2007.1.28"]
[Round "-"]
[White "Morbid"]
[Black "Denisinho"]
[Result "1-0"]
[WhiteElo "1534"]
[BlackElo "1390"]

1. d4 d5 2. g3 e6 3. Nf3 Nf6 4. Qd3 h6 5. Ne5 b6 6. b3 Ba6 7. c4 c5 8. dxc5 bxc5
9. Bd2 d4 10. Bg2 Bb7 11. Bxb7 Nbd7 12. Bc6 Rc8 13. Bf4 Bd6 14. Qe4 O-O 15. Qf3
1-0

[Event "vc brancas"]
[Site "http://www.queenalice.com/game.php?id=160205"]
[Date "2007.1.28"]
[Round "-"]
[White "Denisinho"]
[Black "Morbid"]
[Result "0-1"]
[WhiteElo "1380"]
[BlackElo "1544"]

1. d4 d5 2. b3 e6 3. Nf3 c6 4. a3 Qf6 5. Nc3 c5 6. e3 cxd4 7. exd4 h6 8. g4 h5
9. g5 Qd8 10. Ne5 Bd6 11. Nf3 Ne7 12. Bd3 Qc7 13. Bb2 h4 14. Nb5 Qb6 0-1

[Event "AUTO-OPEN-274"]
[Site "http://www.queenalice.com/game.php?id=180181"]
[Date "2007.3.11"]
[Round "2"]
[White "fab_scott"]
[Black "Morbid"]
[Result "1-0"]
[WhiteElo "1783"]
[BlackElo "1538"]

1. e4 h5 2. d4 d6 3. c4 Nf6 4. Nc3 Bg4 5. Be2 Bxe2 6. Qxe2 Nc6 7. Nf3 e6 8. Bg5
Be7 9. Bxf6 Bxf6 10. Rd1 Ne7 11. e5 dxe5 12. dxe5 1-0

[Event "AUTO-OPEN-274"]
[Site "http://www.queenalice.com/game.php?id=180182"]
[Date "2007.3.11"]
[Round "2"]
[White "Morbid"]
[Black "fab_scott"]
[Result "0-1"]
[WhiteElo "1549"]
[BlackElo "1793"]

1. Nf3 d5 2. c3 Nf6 3. Qa4+ Bd7 4. Qb3 b6 5. e3 c5 6. Ne5 Nc6 7. Qxd5 Nxd5 8.
Nxc6 Bxc6 9. c4 Nf6 10. d3 e5 11. Be2 Bxg2 12. Rg1 Bh3 13. Rg5 Nd7 14. Rg3 Be6
15. Bf3 Rc8 16. Nc3 Nf6 17. Bb7 Rc7 18. Ba6 Qxd3 0-1

[Event "AUTO-OPEN-274"]
[Site "http://www.queenalice.com/game.php?id=180193"]
[Date "2007.3.11"]
[Round "2"]
[White "Morbid"]
[Black "miseriapopular"]
[Result "0-1"]
[WhiteElo "1544"]
[BlackElo "1648"]

1. Nf3 Nc6 2. d4 d5 3. Nc3 Nf6 4. e3 Bf5 5. h3 Nb4 6. Bb5+ c6 7. Bd3 Bxd3 8.
cxd3 e6 9. a3 Na6 10. O-O Bd6 11. g3 O-O 12. Qb3 b5 13. Nd2 Nd7 14. Ne2 e5 15.
Qc3 Qc7 16. dxe5 Bxe5 17. d4 Bf6 18. b4 c5 19. bxc5 Naxc5 20. Nf4 Na6 21. Nxd5
Qxc3 22. Nxc3 Nc7 23. Nde4 a6 24. Nxf6+ Nxf6 25. e4 Rac8 26. f3 Ne6 27. Ne2 Rc2
28. Kf2 Rfc8 29. Bf4 Nxd4 30. Rfe1 h6 31. Be5 Nxe2 32. Rxe2 Nd7 33. Bf4 Rxe2+
34. Kxe2 g5 35. Bd2 Rc6 36. g4 Ne5 37. Ke3 Nc4+ 38. Ke2 Rd6 39. Ra2 Re6 40. Bc3
Kf8 41. Bd4 Ke8 0-1

[Event "AUTO-OPEN-274"]
[Site "http://www.queenalice.com/game.php?id=180194"]
[Date "2007.3.11"]
[Round "2"]
[White "miseriapopular"]
[Black "Morbid"]
[Result "1-0"]
[WhiteElo "1659"]
[BlackElo "1556"]

1. e4 h5 2. Nc3 d5 3. Nxd5 c6 4. Nc3 e6 5. Bc4 Qd4 6. Bb3 b5 7. Nf3 Qb6 8. O-O
a5 9. d4 a4 10. Bxe6 Bxe6 11. Be3 Ne7 12. d5 Qa5 13. dxe6 fxe6 14. Bd2 Qb4 15.
Nd5 Qxb2 16. Nc7+ Kd8 17. Bc3+ 1-0